Test és lélek
Elmentve itt :
| Szerző: | |
|---|---|
| Adatforrás: | Meister |
| Forrásdokumentuma: | Korunk. - 3 sz., 1993, 6-7 p. |
| Nyelv: | magyar |
| Kulcsszavak: | művelődéstörténeti esszé orvostörténet test & lélek lélek & test test ASZKLEPIOSZ HIPPOKRATESZ GALENOSZ Claudius CELSUS Aulus Cornelius |
| LEADER | 00570nab a2200217 i 4500 | ||
|---|---|---|---|
| 001 | bibPRO00002385 | ||
| 008 | 060524s1993 xx hun | ||
| 040 | |a Sz1 | ||
| 041 | |a hun | ||
| 100 | 1 | |a MUDRY Philippe | |
| 245 | 1 | 0 | |a Test és lélek |c MUDRY Philippe |
| 695 | |a művelődéstörténeti esszé | ||
| 695 | |a orvostörténet | ||
| 695 | |a test & lélek | ||
| 695 | |a lélek & test | ||
| 695 | |a test | ||
| 695 | |a ASZKLEPIOSZ | ||
| 695 | |a HIPPOKRATESZ | ||
| 695 | |a GALENOSZ Claudius | ||
| 695 | |a CELSUS Aulus Cornelius | ||
| 773 | 0 | |t Korunk. - |g 3 sz., 1993, 6-7 p. | |